00527nam a2200193Ia 4500003000900000008004100009040001300050040001300063041000800076100001700084245015300101250001200254260002000266260000900286300001100295300001000306490001000316490000700326IT-RoPAU120407s9999 xx 000 0 und d aIT-RoPAU cIT-RoPAU aita aDino Pastine a"Europa (l’) cristiana nel rapporto con le altre culture nel secolo XVII Atti del convegno di studio di S. Margherita Ligure (19-21 maggio 1977)." aFirenze aLa Nuova Italia c1978 a172 p. c24 cm aStudi v12